| 000 | 00924nam a2200241Ia 4500 | ||
|---|---|---|---|
| 005 | 20170802111652.0 | ||
| 010 | _aBAC-CH25 | ||
| 020 |
_a9780143332145 _c199.00 |
||
| 035 | _aB-555018-053 | ||
| 035 | _aG-003136 | ||
| 035 | _aB-667175 | ||
| 037 |
_bAakar/Ven _adpl |
||
| 082 | _a920 | ||
| 100 | _aAgarwal, Deepa | ||
| 245 |
_aChanakya : _cby Deepa Agarwal _bthe master of statecraft / |
||
| 260 |
_aNew delhi _bPuffin Books _c2013 |
||
| 270 |
_a11 Community Centre, Panchsheel Park, _bNew Delhi _e110017, India |
||
| 300 |
_a165p. _c19cm(pbk) |
||
| 942 |
_cCH _2ddc _mCHA _h920 |
||
| 999 |
_c85637 _d85637 |
||